000 00487nam a2200169Ia 4500
999 _c28781
_d28781
003 OSt
005 20201231110703.0
008 190216s9999||||xx |||||||||||||| ||und||
040 _coclc
082 _a894.812301
_bRAV/N
100 _aRavi, Sooranad
_9117
245 0 _aNadodi Seethakathakal /
_cSooranad Ravi
260 _bUnma Publications,
_aAlappuzha:
_c2003.
300 _a63p
650 _aKathakal
942 _cBK
_2ddc
_h894.812301
_iRAV/N
_k894.812301
_mRAV/N